| 000 | 01585nam0a2200301 4500 | ||
|---|---|---|---|
| 001 | RU\NLR\bibl\435247 | ||
| 005 | 20260406055057.0 | ||
| 010 |
_a5-9533-0094-8 _91000 |
||
| 021 |
_aRU _b2003-39861 _91895 |
||
| 035 | _a(NLR Aleph) 000429054 | ||
| 090 |
_a742845 _c742845 |
||
| 100 | _a20030911d2003 |||y0rusy50 ca | ||
| 101 | 0 | _arus | |
| 102 | _aRU | ||
| 105 | _ay ||||||||| | ||
| 200 | 1 |
_aСны наяву _e[Сборник] _fЮрий Беляев |
|
| 210 |
_aМ. _cВече _d2003 |
||
| 215 |
_a317, [1] с. _d17 |
||
| 300 | _aНа 4-й с. обл. авт.: Ю. Беляев, д-р философии, почет. акад. Пушкин. академии, действ. чл. Акад. геополит. проблем | ||
| 327 | 1 | _aСодерж.: Сны наяву, или Студенческий марафон: Роман; Молитвенное море, или Прощай, осьминог!: Повесть-фантазия; Ист. драмы: Испытание Микеланджело, или Триумфатор поневоле; Человек, остановивший солнце; До неба достать рукой: Хроника одной воен. кампании; Последний сон императора | |
| 686 | _aШ6(2=Р)75я44 | ||
| 700 | 1 |
_4070 _8rus _7ca _aБеляев _bЮ. А. _cписатель _f1944- _gЮрий Антонович _3RU\NLR\auth\779511 _9119339 |
|
| 801 | 0 |
_aRU _bNLR _c20030911 _gPSBO |
|
| 801 | 1 |
_aRU _bNLR _c20030911 |
|
| 942 | _cBOOK | ||
| 980 | _aNB | ||